| 000 | 01110nam a22002537a 4500 | ||
|---|---|---|---|
| 999 |
_c4376 _d4376 |
||
| 003 | AR-CdUCM | ||
| 008 | 190308b ||||| |||| 00| 0 spa d | ||
| 040 |
_aMUNICIPALIDAD PROVINCIAL DEL CUSCO _cBIBLIOTECA MUNICIPAL DEL CUSCO |
||
| 082 |
_a796.08 / _bAT86 |
||
| 110 |
_aThe athletic institute _913741 |
||
| 245 | _aTécnicas de salvamento / | ||
| 260 |
_aMéxico, D.F : _bCentro Regional de Ayuda Técnica, Agencia para el Desarrollo Internacional, _c1968. |
||
| 300 |
_a50 paginas ; _bIlustraciones, _c21 cm. |
||
| 500 | _aDonación de la familia Nieto | ||
| 505 | _aMétodos de rescate -- Rescate por extensión -- Rescate mientras se nada -- Resucitación -- Transporte estilo bombero -- Técnicas de salvamento para casos de emergencia -- Métodos de respiración directa -- Seguridad personal en el agua ... | ||
| 650 |
_aSalvamento (Ahogados) _913819 |
||
| 650 |
_aMétodos de rescate _913248 |
||
| 650 |
_aMétodo de respiración _913820 |
||
| 700 |
_aRobertson, David H. _913821 |
||
| 700 |
_aRussell, Charles W. _913822 |
||
| 700 |
_aPump, Mathew _913253 |
||
| 942 |
_2ddc _cLIBROS |
||
| 945 | _aacv | ||